| 000 | 00743nas a2200241 4500 | ||
|---|---|---|---|
| 001 | BR2013003091 | ||
| 003 | BR-BrBNA | ||
| 005 | 20231205122219.0 | ||
| 007 | ta | ||
| 008 | 230509b bl.|||p| |||| 00| 00por d | ||
| 040 |
_aBR-BrBNA _bpor _cBiblioteca Nacional de Agricultura |
||
| 041 | _a(En) | ||
| 072 | _aM12 | ||
| 100 | 1 | _aTubino, M.F. de A. | |
| 100 | 1 | _aPaiva, M.P. | |
| 245 | 1 | _aLength-weight relationship of marine commercial fish species in Rio de Janeiro state, Brazil | |
| 650 | _aPEIXE DEMERSAL | ||
| 650 | _aPESO | ||
| 650 | _aCOMPRIMENTO | ||
| 773 | 0 |
_tArquivos de Ciências do Mar (Brazil) _xISSN 0374-5686 _g(2007), v. 40(2) p. 92-95 _wBR2013003091 |
|
| 909 |
_a202311 _bLúcia _c55 _dLúcia Elande |
||
| 942 |
_2AGRIS _n0 _cANA |
||
| 999 |
_c227499 _d227499 |
||